Analýza družstevných princípov - vplyv Covid 19 krízy na význam sociálnych družstiev
Súčasná situácia vo svete ovplyvnená pandémiou Covid 19 spôsobila zmeny v spotrebiteľskom správaní a dopyte, čo má vplyv na produkciu v jednotlivých oblastiach ekonomiky a aktivity konkrétnych podnikov v týchto oblastiach. Dopad tejto situácie na sociálnu činnosť na Slovensku, hlavne na aktivity soc...
Salvato in:
| Autore principale: | |
|---|---|
| Natura: | Capitolo di libro |
| Lingua: | slovacco |
| Soggetti: | |
| Tags: |
Nessun Tag, puoi essere il primo ad aggiungerne!!
|
MARC
| LEADER | 00000naa$a2200000$$$4500 | ||
|---|---|---|---|
| 001 | 0272176 | ||
| 005 | 20240502083829.4 | ||
| 041 | 0 | |a slo | |
| 044 | |a CZ | ||
| 245 | 1 | 0 | |a Analýza družstevných princípov - vplyv Covid 19 krízy na význam sociálnych družstiev |c Denisa Gajdová |
| 520 | |a Súčasná situácia vo svete ovplyvnená pandémiou Covid 19 spôsobila zmeny v spotrebiteľskom správaní a dopyte, čo má vplyv na produkciu v jednotlivých oblastiach ekonomiky a aktivity konkrétnych podnikov v týchto oblastiach. Dopad tejto situácie na sociálnu činnosť na Slovensku, hlavne na aktivity sociálnych družstiev. Úsilie Európy prekonať vplyv najväčšej a najvážnejšej finančnej, hospodárskej a zamestnaneckej krízy v histórii európskej integrácie. Družstevné podniky sú spoločensky zodpovedné a zodpovedné voči svojim členom a komunite, ktorú prevádzkujú. | ||
| 610 | 2 | 0 | |a pandémia |
| 610 | 2 | 0 | |a koronavírus |
| 610 | 2 | 0 | |a ekonomika sociálna |
| 610 | 2 | 0 | |a družstvá |
| 100 | 1 | |a Gajdová, Denisa, 1977- | |